Statistics for AEW Tag Team Titles PPV Defenses

Click here to take the quiz!

General Stats

  • This quiz has been taken 12 times
  • The average score is 82 of 90

Answer Stats

EventWrestler% Correct
Full Gear 2023Anthony Bowens
100%
All Out 2022Anthony Bowens
100%
Revolution 2023Anthony Bowens
100%
Dynasty 2024Cash Wheeler
100%
WrestleDream 2023Cash Wheeler
100%
Full Gear 2023Cash Wheeler
100%
Full Gear 2021Cash Wheeler
100%
Double or Nothing 2023Cash Wheeler
100%
All In 2023Cash Wheeler
100%
All Out 2020Cash Wheeler
100%
Full Gear 2020Cash Wheeler
100%
Full Gear 2023Dax Harwood
100%
Full Gear 2021Dax Harwood
100%
WrestleDream 2023Dax Harwood
100%
Full Gear 2020Dax Harwood
100%
All In 2023Dax Harwood
100%
All Out 2020Dax Harwood
100%
Double or Nothing 2023Dax Harwood
100%
Dynasty 2024Dax Harwood
100%
Double or Nothing 2022Jungle Boy
100%
Revolution 2022Jungle Boy
100%
Revolution 2022Luchasaurus
100%
Double or Nothing 2022Luchasaurus
100%
Revolution 2024Matthew Jackson
100%
Dynasty 2024Matthew Jackson
100%
All In 2023Matt Jackson
100%
Revolution 2022Matt Jackson
100%
All Out 2021Matt Jackson
100%
Full Gear 2020Matt Jackson
100%
Double or Nothing 2021Matt Jackson
100%
Revolution 2020Matt Jackson
100%
Revolution 2021Matt Jackson
100%
All Out 2022Max Caster
100%
Full Gear 2023Max Caster
100%
Revolution 2023Max Caster
100%
Dynasty 2024Nicholas Jackson
100%
Revolution 2024Nicholas Jackson
100%
Double or Nothing 2021Nick Jackson
100%
All In 2023Nick Jackson
100%
Revolution 2021Nick Jackson
100%
Revolution 2022Nick Jackson
100%
Full Gear 2020Nick Jackson
100%
All Out 2021Nick Jackson
100%
Revolution 2020Nick Jackson
100%
Full Gear 2019Scorpio Sky
100%
All Out 2020Adam Page
90%
Revolution 2020Adam Page
90%
Revolution 2023Austin Gunn
90%
Full Gear 2023Big Bill
90%
Full Gear 2023Brody King
90%
Revolution 2021Chris Jericho
90%
Revolution 2023Colten Gunn
90%
Revolution 2024Darby Allin
90%
Full Gear 2019Frankie Kazarian
90%
Full Gear 2019Isiah Kassidy
90%
All Out 2022Keith Lee
90%
Full Gear 2023Keith Lee
90%
Double or Nothing 2022Keith Lee
90%
Revolution 2020Kenny Omega
90%
All Out 2020Kenny Omega
90%
Full Gear 2019Marq Quen
90%
Full Gear 2021Rey Fenix
90%
Full Gear 2019Rey Fenix
90%
All Out 2021Rey Fenix
90%
Double or Nothing 2022Ricky Starks
90%
Full Gear 2023Ricky Starks
90%
Revolution 2024Sting
90%
Full Gear 2023Swerve Stickland
90%
All Out 2022Swerve Stickland
90%
Double or Nothing 2022Swerve Stickland
90%
Revolution 2023Danhausen
80%
Double or Nothing 2023Jay Lethal
80%
Revolution 2023Jay Lethal
80%
Double or Nothing 2023Jeff Jarrett
80%
Revolution 2023Jeff Jarrett
80%
Full Gear 2023Malakai Black
80%
Revolution 2021MJF
80%
Revolution 2023Orange Cassidy
80%
Full Gear 2021Penta El Zero Miedo
80%
All Out 2021Penta El Zero Miedo
80%
Full Gear 2019Pentagón Jr.
80%
Revolution 2022Bobby Fish
70%
Double or Nothing 2021Eddie Kingston
70%
Double or Nothing 2021Jon Moxley
70%
WrestleDream 2023Kyle Fletcher
70%
Revolution 2022Kyle O'Reilly
70%
WrestleDream 2023Mark Davis
70%
Double or Nothing 2022Powerhouse Hobbs
70%
Full Gear 2023Rush
50%
Full Gear 2023Dralístico
40%

Score Distribution

Percentile by Number Answered

Percent of People with Each Score

Your Score History

You have not taken this quiz